« Retourner aux résultats de recherche
neige en deuil (La)
| Auteur principal: | Dominique Monféry |
|---|---|
| D'autres auteurs: | Henri Troyat |
| Support: | Livres |
| Langue: | Francais |
| Publié: |
DL 2023 Rue de Sèvres Paris |
| Genre: |
Bandes déssinées ADULTE |
| Sujets: | |
| Étiquettes: |
Ajouter
Pas de Tags !
|
| LEADER | 00643nam0a2200193 450 | ||
|---|---|---|---|
| 001 | 16843630 | ||
| 010 | |a 978-2-8102-0601-8 |b rel. |d 19 | ||
| 100 | |a 20230612d2026 u u0frey01 ba | ||
| 101 | 0 | |a fre | |
| 102 | |a FR | ||
| 200 | 0 | |a neige en deuil (La) |f Dominique Monféry |g Henri Troyat | |
| 207 | 1 | |a | |
| 210 | |a Paris |c Rue de Sèvres |d DL 2023 | ||
| 215 | |a 1 vol. (78 p.) |c ill. en coul. |d 32 cm | ||
| 700 | 0 | |a Monféry |b Dominique |4 70 | |
| 702 | 0 | |a Troyat |b Henri |f 1911-.... |4 100 | |
| 900 | |a Bandes déssinées ADULTE | ||
| 901 | |a Accessible au prêt | ||
| 995 | |a Bibliothèque |c Bibliothèque |f 024024139 |h 024024139 |k BDA MON |o p |q a |r az |e Bibliothèque | ||
